Central Library OPAC University of Rajshahi

Implications of evolution / (Record no. 11819)

MARC details
000 -LEADER
fixed length control field 00850cam a22002771 4500
001 - CONTROL NUMBER
control field 11819
003 - CONTROL NUMBER IDENTIFIER
rucl marc code BD-RjUL
005 - DATE AND TIME OF LATEST TRANSACTION
control field 20211208235204.0
008 - FIXED-LENGTH DATA ELEMENTS--GENERAL INFORMATION
fixed length control field 140127r1965 xx a 001 0 eng
035 ## - SYSTEM CONTROL NUMBER
System control number (BD-RjUL)11868
System control number (OCoLC)14622705
040 ## - CATALOGING SOURCE
Original cataloging agency DLC
Transcribing agency DNLM
Modifying agency OTMC
-- OCoLC
-- Uk
-- DLC
-- BD-RjUL
Language of cataloging eng
041 ## - LANGUAGE CODE
Language code of text/sound track or separate title eng
060 0# - NATIONAL LIBRARY OF MEDICINE CALL NUMBER
Classification number QH 366
Item number K39i 1960
082 ## - DEWEY DECIMAL CLASSIFICATION NUMBER
Classification number 575
Author mark and year KEI 1965
100 1# - MAIN ENTRY--PERSONAL NAME
Personal name Kerkut. G. A.
9 (RLIN) 36615
245 10 - TITLE STATEMENT
Title Implications of evolution /
Statement of responsibility, etc. G. A. Kerkut
260 ## - PUBLICATION, DISTRIBUTION, ETC. (IMPRINT)
Place of publication, distribution, etc. New York :
Name of publisher, distributor, etc. Pergamon Press,
Date of publication, distribution, etc. c1960 [Reprinted 1965].
300 ## - PHYSICAL DESCRIPTION
Pagination x, 174 p. :
Illustrations ill. ;
Size 22 cm.
504 ## - BIBLIOGRAPHY, ETC. NOTE
Bibliography, etc Includes index.
650 #0 - SUBJECT ADDED ENTRY--TOPICAL TERM
Topical term or geographic name as entry element Evolution.
9 (RLIN) 36617
942 ## - ADDED ENTRY ELEMENTS (KOHA)
Source of classification or shelving scheme Dewey Decimal Classification
Koha item type Books
Holdings
Lost status Source of classification or shelving scheme Damaged status Not for loan Collection code Permanent Location Current Location Shelving location Date acquired Source of acquisition Cost, normal purchase price Total Checkouts Full call number Date last seen Copy number Koha item type
  Dewey Decimal Classification   Not For Loan Non-fiction Central Library, University of Rajshahi Central Library, University of Rajshahi Reading Room 27/01/1967 Euro-Pak. Agancy 24.37   575 KEI 1965 27/01/2014 C-1 Books